|
|
|
|
| LEADER |
00000nam0a2200000 4500 |
| 001 |
371691 |
| 005 |
20231102012414.0 |
| 035 |
|
|
|a (RuTPU)RU\TPU\retro\29101
|
| 090 |
|
|
|a 371691
|
| 100 |
|
|
|a 20221107d1978 k y0rusy50 ca
|
| 101 |
0 |
|
|a rus
|
| 102 |
|
|
|a UA
|
| 105 |
|
|
|a y z 001zy
|
| 200 |
1 |
|
|a Элементы модальной логики
|e монография
|f В. Н. Костюк
|g Академия наук Украинской ССР, Институт философии
|
| 210 |
|
|
|a Киев
|c Наукова думка
|d 1978
|
| 215 |
|
|
|a 180 с.
|
| 320 |
|
|
|a Библиогр.: с. 176-179
|
| 606 |
1 |
|
|a Модальная логика
|2 stltpush
|3 (RuTPU)RU\TPU\subj\65967
|9 82273
|
| 610 |
1 |
|
|a классическая логика
|
| 610 |
1 |
|
|a пропозиционная алетическая логика
|
| 610 |
1 |
|
|a предикаты
|
| 610 |
1 |
|
|a деонтическая логика
|
| 610 |
1 |
|
|a модальные исчисления
|
| 610 |
1 |
|
|a монографии
|
| 686 |
|
|
|a Ю41
|v LBC/SL-A
|2 rubbk
|
| 700 |
|
1 |
|a Костюк
|b В. Н.
|g Владимир Николаевич
|
| 712 |
0 |
2 |
|a Академия наук Украинской ССР
|b Институт философии
|2 stltpush
|3 (RuTPU)RU\TPU\col\12865
|9 25544
|
| 801 |
|
1 |
|a RU
|b 63413507
|c 20221107
|
| 942 |
|
|
|c BK
|